séries mal décritent - Statistiques

Statistiques générales
  • Ce quiz a été pris 2 292 fois
  • Le résultat moyen est 6 sur 15
Statistiques - réponses
Hint Réponse % Correct
Un groupe d'amis qui passe plus de temps dans un café qu'au travail Friends
84%
Les personnages de la série meurent plus souvent que leurs patients Grey's Anatomy
84%
Un puceau qui donne des conseils sur la vie sexuelle Sex education
80%
Des mineurs envoyés sur Terre dont plus de la moitié d'entre eux vont mourir The 100
76%
Le plus gros stalker de la terre You
69%
joue et gagne ou meurt squid game
66%
Touche pas la pluie sinon tu meurt The rain
53%
Des mamans impliquées dans un cartel Good girls
20%
9 saisons à expliquer un truc qui va durer au final que quelques épisodes How i met your mother
19%
2 frères qui se battent pour la même filles The vampires Diaries
13%
voler ça créer des amitiés Trinkets
9%
Une fille qui ne sait pas ce qu'elle veut et finit par blesser tout le monde Mes premières fois
7%
Deux filles de deux séries complètement différentes sont copines Sam and Cat
6%
2 ados qui fuguent et font un peu n'importe quoi The end of the fu***ing world
4%
Deux chauves au lycée Alexa and Katie
2%
Aucun quiz correspondant
Distribution des résultats
% des personnes avec chaque résultat
Percentile par nombre de réponses
Votre historique - résultats
Vous n’avez pas pris ce quiz